000 00560 a2200133 4500
020 _a9690005146 (unknown binding)
020 _a9789690005144 (unknown binding)
090 _c4498
_d4498
245 0 0 _aFirozullughat :
_burdu jami :
_bsava lakh ke qarib qadim va muravvajah alfaz, murakkabat, mushtaqqat, muhavarat, zarbulamsal niz jadid ilmi, adabi, aur fanni istilahat.
260 _a[S.l.] :
_bFirozsanz,
_c1989.
300 _a1472 p.
856 4 0 _3Amazon.com
_uhttp://www.amazon.com/exec/obidos/ASIN/9690005146/chopaconline-20
942 _aNBS
_cBK
_k39.91439 DIN
999 _c346941
_d346941